Materials science of thin films (Record no. 352)

000 -LEADER
fixed length control field 00566nam a22002174a 4500
001 - CONTROL NUMBER
control field 352
003 - CONTROL NUMBER IDENTIFIER
control field BD-DhUET
008 - FIXED-LENGTH DATA ELEMENTS--GENERAL INFORMATION
fixed length control field 010328s2002 caua b 001 0 eng
020 ## - INTERNATIONAL STANDARD BOOK NUMBER
International Standard Book Number 9780125249850
020 ## - INTERNATIONAL STANDARD BOOK NUMBER
International Standard Book Number 9789381269534
040 ## - CATALOGING SOURCE
Original cataloging agency DLC
Transcribing agency 0
Modifying agency BD-DhUET
082 00 - DEWEY DECIMAL CLASSIFICATION NUMBER
Classification number 623.8152
Item number OHR/2002
100 ## - MAIN ENTRY--PERSONAL NAME
Personal name Ohring, Milton
245 10 - TITLE STATEMENT
Title Materials science of thin films
Remainder of title deposition and structure
250 ## - EDITION STATEMENT
Edition statement 2nd ed.
260 ## - PUBLICATION, DISTRIBUTION, ETC. (IMPRINT)
Place of publication, distribution, etc. New Delhi
Name of publisher, distributor, etc. Academic Press
Date of publication, distribution, etc. 2002
300 ## - PHYSICAL DESCRIPTION
Extent xxi, 794 p.
Other physical details
504 ## - BIBLIOGRAPHY, ETC. NOTE
Bibliography, etc Includes bibliographies
650 #0 - SUBJECT ADDED ENTRY--TOPICAL TERM
Topical term or geographic name as entry element Thin films
942 ## - ADDED ENTRY ELEMENTS (KOHA)
Koha item type General Book
Holdings
Koha date last borrowed Koha out on loan Piece designation (barcode) Lost status Koha normalized classification for sorting Date acquired Sublocation or collection (holding branch) Shelving location Location (home branch) Copy number Koha date last seen Koha item type Source of classification or shelving scheme Damaged status Koha issues (times borrowed) Koha full call number Not for loan Price effective from Withdrawn status
  111604 623_000000000000000_8152OHR2002014-07-20Central Library, BUETCirculation sectionCentral Library, BUET12014-07-20General Book   623.8152/OHR/2002 2014-07-20 
2023-11-08 114734 623_815200000000000_OHR_20022016-06-18Central Library, BUETCirculation sectionCentral Library, BUET22024-06-12General Book  1623.8152/OHR/2002 2016-10-02 
2024-01-132025-01-12114735 623_815200000000000_OHR_20022016-06-18Central Library, BUETCirculation sectionCentral Library, BUET32024-01-13General Book  1623.8152/OHR/2002 2016-10-02 
  116652 623_815200000000000_OHR_20022018-06-27Central Library, BUETReading sectionCentral Library, BUET42018-09-22General Book   623.8152/OHR/2002 2018-09-22